La industria cultural

Gorde:
Xehetasun bibliografikoak
Egile nagusia: Adorno, Theodor Wiesengrund (Egilea)
Beste egile batzuk: Horkheimer, Max (autor)
Formatua: Liburua
Hizkuntza:gaztelania
Argitaratua: Buenos Aires El Cuenco de Plata 2013
Edizioa:1a. ed
Saila:Cuadernos de Plata, 9
Gaiak:
Etiketak: Etiketa erantsi
Etiketarik gabe, Izan zaitez lehena erregistro honi etiketa jartzen!

MARC

LEADER 00000cam a2200000 a 4500
001 UCD5781
003 CL-VaPUC
008 161007e20130000ag |||||||||||||||||spa|d
020 |a 9789871772735 
082 0 4 |a 301  |b ADO  |2 21 
100 0 |a Adorno, Theodor Wiesengrund  |e author  |9 325578 
700 |a Horkheimer, Max  |e autor  |9 402295 
245 1 3 |a La industria cultural 
250 |a 1a. ed 
300 |a 155 p 
942 |c BK 
945 |d 20161007 09:49:00  |a dcastane 
260 |a Buenos Aires  |b El Cuenco de Plata  |c 2013 
650 0 |a Sociología   |9 255410 
650 0 |a Filosofía social  |9 268191 
650 0 |a Cultura y sociedad  |9 367502 
583 |a last modification  |c 20190624 10:25:11  |k Rodrigo Vera 
490 0 |a Cuadernos de Plata, 9 
999 |c 366334  |d 366332 
952 |0 0  |1 0  |3 erb  |4 0  |6 301_000000000000000_ADO_2013  |7 0  |8 A  |9 480518  |a BIBCUR  |b BIBCUR  |i 5344727  |l 2  |o 301 ADO 2013  |p 5344727  |r 2025-04-22  |s 2022-03-22  |w 2019-11-24  |y BK  |z Catalogado en:20161007  |k PER